| 000 | 00357pab a2200145 454500 | ||
|---|---|---|---|
| 008 | 180718b1990 xxu||||| |||| 00| 0 eng d | ||
| 100 | _aBrooks, Karen M. | ||
| 245 | _aSoviet agriculture's halting reform | ||
| 260 | _c1990 | ||
| 300 | _a29-41 | ||
| 362 | _aMar.-Apr. | ||
| 650 | _aFarm Produce - U.S.S.R | ||
| 773 | _aProblems of Communism | ||
| 909 | _a8335 | ||
| 999 |
_c8335 _d8335 |
||